Allies of India - Statistics

General Stats
  • This quiz has been taken 202 times
  • The average score is 13 of 17
Answer Stats
Continent Country % Correct
Asia/ Europe Russia
94%
Europe United Kingdom
92%
North America United States of America
92%
Europe France
88%
Europe Germany
88%
Asia Japan
87%
South America Brazil
82%
Oceania Australia
81%
Asia China
76%
Asia Nepal
73%
Asia Bhutan
72%
Asia Iran
72%
Asia Israel
72%
Africa South Africa
70%
Asia Afghanistan
63%
Asia Saudi Arabia
62%
Asia Vietnam
58%
No matching quizzes found
Score Distribution
Percent of People with Each Score
Percentile by Number Answered
Your Score History
You have not taken this quiz